La ocupación plena, sus requisitos y consecuencias / (Record no. 33689)

MARC details
000 -LEADER
campo de control de longitud fija 00601nam a2200169 i 4500
001 - NÚMERO DE CONTROL
campo de control 33689
003 - IDENTIFICADOR DE NÚMERO DE CONTROL
campo de control ES-MaACL
007 - CAMPO FIJO DE DESCRIPCIÓN FÍSICA--INFORMACIÓN GENERAL
campo de control de longitud fija t|
008 - DATOS DE LONGITUD FIJA--INFORMACIÓN GENERAL
campo de control de longitud fija 030203s1947 mx ||||1| spa d
100 1# - ENTRADA PRINCIPAL--NOMBRE DE PERSONA
Nombre de persona Beveridge, William H.
9 (RLIN) 28714
245 13 - MENCIÓN DEL TÍTULO
Título La ocupación plena, sus requisitos y consecuencias /
Mención de responsabilidad, etc. William H. Beveridge ; versión española de Raúl Velasco Terrés.
250 ## - MENCION DE EDICION
Mención de edición [1ª ed. en español].
260 ## - PUBLICACIÓN, DISTRIBUCIÓN, ETC.
Lugar de publicación, distribución, etc. México :
Nombre del editor, distribuidor, etc. Fondo de Cultura Económica,
Fecha de publicación, distribución, etc. [1947] (
Fabricante Gráf. Panamericana)
300 ## - DESCRIPCIÓN FÍSICA
Extensión 538 p. ;
Dimensiones 22 cm.
700 1# - ENTRADA AGREGADA--NOMBRE PERSONAL
Nombre de persona Velasco Terrés, Raúl.
9 (RLIN) 113779
852 ## - LOCALIZACIÓN
Ubicación ES-MaACL
Número de control de estantería B-2253
Sublocalización o colección R.27372
Holdings
Estatus retirado Estado de pérdida Estado de daño No para préstamo Biblioteca de origen Biblioteca actual Ubicación en estantería Fecha de adquisición Fuente de adquisición Total de préstamos Signatura topográfica completa Código de barras Visto por última vez Precio de reemplazo Tipo de ítem Koha
        Biblioteca del Ateneo de Madrid Biblioteca del Ateneo de Madrid Sala Pardo Bazán 17/01/2008     B-2253 1035063 23/02/2023 23/02/2023 Libro impreso